000 00290nam a2200121 a 4500
008 101026s1989|||| d
100 1 _aMakanin, Vladimír
245 1 0 _aSám a sama
260 _bSlovenský spisovateľ
_aBratislava
_c1989
020 _c19
041 _aslo
044 _axo
_cSK
999 _c12276
_d12276